Tono-Bungay : (Record no. 21259)
[ view plain ]
| 000 -LEADER | |
|---|---|
| fixed length control field | 01202cam a2200301K 4500 |
| 001 - CONTROL NUMBER | |
| control field | 21259 |
| 003 - CONTROL NUMBER IDENTIFIER | |
| rucl marc code | BD-RjUL |
| 005 - DATE AND TIME OF LATEST TRANSACTION | |
| control field | 20211209000651.0 |
| 008 - FIXED-LENGTH DATA ELEMENTS--GENERAL INFORMATION | |
| fixed length control field | 140304r19621909nyu o 000 1 eng d |
| 035 ## - SYSTEM CONTROL NUMBER | |
| System control number | (OCoLC)ocn551375724 |
| System control number | (BD-RjUL)21323 |
| 040 ## - CATALOGING SOURCE | |
| Original cataloging agency | OCLCE |
| Language of cataloging | eng |
| Transcribing agency | OCLCE |
| Modifying agency | OCLCQ |
| -- | BD-RjUL |
| 041 ## - LANGUAGE CODE | |
| Language code of text/sound track or separate title | eng |
| 082 04 - DEWEY DECIMAL CLASSIFICATION NUMBER | |
| Classification number | 823.912 |
| Author mark and year | WET |
| 100 1# - MAIN ENTRY--PERSONAL NAME | |
| Personal name | Wells, H. G. |
| Fuller form of name | (Herbert George), |
| Dates associated with a name | 1866-1946. |
| 9 (RLIN) | 65726 |
| 245 10 - TITLE STATEMENT | |
| Title | Tono-Bungay : |
| Remainder of title | a novel / |
| Statement of responsibility, etc. | H.G. Wells. |
| 260 ## - PUBLICATION, DISTRIBUTION, ETC. (IMPRINT) | |
| Place of publication, distribution, etc. | New York : |
| Name of publisher, distributor, etc. | Duffield & Co., |
| Date of publication, distribution, etc. | 1909 [reprinted 1962] |
| 300 ## - PHYSICAL DESCRIPTION | |
| Pagination | 1 online resource (4 p. l., [3]-460 p.) |
| 506 ## - RESTRICTIONS ON ACCESS NOTE | |
| Materials specified | Use copy |
| Standardized terminology for access restriction | Restrictions unspecified |
| Source of term | star |
| Institution to which field applies | MiAaHDL |
| 650 #0 - SUBJECT ADDED ENTRY--TOPICAL TERM | |
| Topical term or geographic name as entry element | aPatent medicines |
| General subdivision | Marketing |
| Form subdivision | Fiction. |
| 9 (RLIN) | 65727 |
| Topical term or geographic name as entry element | aPharmaceutical industry |
| Geographic subdivision | England |
| Form subdivision | Fiction. |
| 9 (RLIN) | 65728 |
| Topical term or geographic name as entry element | aMedia |
| Geographic subdivision | England |
| Form subdivision | Fiction. |
| 9 (RLIN) | 65729 |
| 651 #0 - SUBJECT ADDED ENTRY--GEOGRAPHIC NAME | |
| Geographic name | aEngland |
| Geographic subdivision | Social classes |
| Form subdivision | Fiction. |
| 9 (RLIN) | 65730 |
| 776 08 - ADDITIONAL PHYSICAL FORM ENTRY | |
| Relationship information | Print version: |
| Main entry heading | Wells, H. G. (Herbert George), 1866-1946. |
| Title | Tono-Bungay. |
| Place, publisher, and date of publication | New York, Duffield & Co., 1909 |
| Record control number | (DLC) 09005520 |
| -- | (OCoLC)10011144 |
| 856 40 - ELECTRONIC LOCATION AND ACCESS | |
| Materials specified | HathiTrust Digital Library |
| Uniform Resource Identifier | <a href="http://catalog.hathitrust.org/api/volumes/oclc/10011144.html">http://catalog.hathitrust.org/api/volumes/oclc/10011144.html</a> |
| 942 ## - ADDED ENTRY ELEMENTS (KOHA) | |
| Source of classification or shelving scheme | Dewey Decimal Classification |
| Koha item type | Books |
| Lost status | Source of classification or shelving scheme | Damaged status | Not for loan | Collection code | Permanent Location | Current Location | Shelving location | Date acquired | Source of acquisition | Cost, normal purchase price | Total Checkouts | Full call number | Date last seen | Copy number | Koha item type |
|---|---|---|---|---|---|---|---|---|---|---|---|---|---|---|---|
| Dewey Decimal Classification | Added to bundle | Fiction | Central Library, University of Rajshahi | Central Library, University of Rajshahi | Reading Room | 07/04/1964 | Zeitlinger | 6.60 | 823.912 WET 1962 | 04/03/2014 | C-1 | Books |